On This Day: September 23rd II Quiz Stats

 Plays Quiz Updated Sep 23, 2018

Score 0/7 Timer 03:00
0 Plays Today
Question Answer Wrong Answers
At Stanley Theater in Pittsburgh, Pennsylvania, this Jamaican singer-songwriter performs what will be his last concert.
1980
Bob Marley
90.5%
Jimi Hendrix
6.5%
Sean Paul
0.7%
Beenie Man
0.7%
In an Argentine general election, this man returns to power.
1973
Juan Perón
89.2%
Raúl Lastiri
1.5%
Héctor Cámpora
4.1%
Getúlio Vargas
3.5%
This American singer-songwriter and pianist, known for hits like ‘Georgia on My Mind’ and ‘I Got a Woman’, is born.
1930
Ray Charles
83.7%
Nat King Cole
7.4%
Tony Bennett
5%
Dean Martin
2.3%
The ______ Center for the Performing Arts opens in New York City.
1962
Lincoln
80.7%
Washington
4.7%
Jefferson
5.8%
Roosevelt
7.4%
Norway and ______ sign the ‘Karlstad treaty’, peacefully dissolving the Union between the two countries.
1905
Sweden
67.5%
Finland
13.9%
Denmark
14.4%
Iceland
3.1%
This planet, the eighth and farthest from the sun, is observed through a telescope for this first time, though its existence had been predicted earlier by mathematicians.
1846
Neptune
67.1%
Saturn
3%
Uranus
25.3%
Jupiter
4.7%
This company is founded by Fusajiro Yamauchi to produce and market the playing card game Hanafuda.
1889
Nintendo
54.3%
Sony
17%
Sega
11.4%
Atari
16.8%

You're not logged in!

Compare scores with friends on all Sporcle quizzes.
OR
Log In

Sporcle TV

Today on Sporcle TV


Watch our educational content, quiz creation guides, and fun videos on Sporcle TV.

Show Comments

Extras

Top Quizzes Today


Score Distribution

Your Account Isn't Verified!

In order to create a playlist on Sporcle, you need to verify the email address you used during registration. Go to your Sporcle Settings to finish the process.

Report this User

Report this user for behavior that violates our Community Guidelines.

Details: